Clifford's hiccups / (Record no. 113399)
[ view plain ]
| 000 -LEADER | |
|---|---|
| fixed length control field | 00586nam a2200205 a 4500 |
| 001 - CONTROL NUMBER | |
| control field | 0336 |
| 005 - DATE AND TIME OF LATEST TRANSACTION | |
| control field | 20140414132018.0 |
| 008 - FIXED-LENGTH DATA ELEMENTS--GENERAL INFORMATION | |
| fixed length control field | 040910s19uu xx 00 eng d |
| 020 ## - INTERNATIONAL STANDARD BOOK NUMBER | |
| International Standard Book Number | 0-439-28337-X |
| 050 ## - LIBRARY OF CONGRESS CALL NUMBER | |
| Classification number | TR |
| Item number | C61H 2001 |
| 100 ## - MAIN ENTRY--PERSONAL NAME | |
| Personal name | Weyn, Suzanne |
| 245 ## - TITLE STATEMENT | |
| Title | Clifford's hiccups / |
| Statement of responsibility, etc | adapted by Suzanne Weyn ; illustrated by Carolyn Bracken and Sandrina Kurtz. |
| 260 ## - PUBLICATION, DISTRIBUTION, ETC. (IMPRINT) | |
| Place of publication, distribution, etc | New York : |
| Name of publisher, distributor, etc | Scholastic, |
| Date of publication, distribution, etc | 2001. |
| 300 ## - PHYSICAL DESCRIPTION | |
| Extent | p. ; cm. |
| 440 ## - SERIES STATEMENT/ADDED ENTRY--TITLE | |
| Title | Clifford the big red dog |
| 650 ## - SUBJECT ADDED ENTRY--TOPICAL TERM | |
| Topical term or geographic name as entry element | Dogs |
| General subdivision | Fiction. |
| 650 ## - SUBJECT ADDED ENTRY--TOPICAL TERM | |
| Topical term or geographic name as entry element | Sickenss |
| General subdivision | Fiction. |
| Withdrawn status | Lost status | Damaged status | Use restrictions | Home library | Current library | Shelving location | Date acquired | Source of acquisition | Total Checkouts | Full call number | Barcode | Date last seen | Price effective from | Koha item type |
|---|---|---|---|---|---|---|---|---|---|---|---|---|---|---|
| Munich Library | Munich Library | Teachers Reference Section | 09/10/2004 | TR C61H 2001 | M4965 | 04/14/2014 | 04/14/2014 | Books | ||||||
| Munich Library | Munich Library | Teachers Reference Section | 09/10/2004 | TR C61H 2001 | M4964 | 04/14/2014 | 04/14/2014 | Books |